| 000 | 00725nam a22002537a 4500 | ||
|---|---|---|---|
| 001 | 10655 | ||
| 003 | BD-RjUL | ||
| 005 | 20211208235007.0 | ||
| 008 | 140125s2005 bg ||||| |||| 001 0 eng d | ||
| 020 | _a9843228367 | ||
| 035 | _a(BD-RjUL)10703 | ||
| 040 |
_aBD-RjUL _beng _cBD-RjUL _dBD-RjUL |
||
| 041 | _aeng | ||
| 082 | 0 | 4 |
_a512.7 _bCHE 2005 |
| 100 | 1 |
_aChowdhury, Fatema _932941 |
|
| 245 | 1 |
_aEssentials of number theory / _cFatema Chowdhury |
|
| 260 |
_aDhaka : _bPi Publications _c2005 |
||
| 300 |
_aiv,224p. ; _c24cm. |
||
| 504 | _aIncludes index and bibliography | ||
| 650 | 0 |
_aNumber theory. _932942 |
|
| 650 | 0 |
_aMathematics _xHistory. _9123612 |
|
| 700 | 1 |
_aChowdhary, Munibur Rahman _932636 |
|
| 942 |
_2ddc _cBK |
||
| 999 |
_c10655 _d10655 |
||